000 00707nam a2200241Ia 4500
003 OSt
005 20220930064351.0
006 a|||||r|||| 00| 0
007 ta
008 220926b |||||||| |||| 00| 0 eng d
024 _a4109
037 _cTheses
040 _aCRL
_cCRL
_beng
041 _2eng
_aeng
100 _aLee Kwangsu
110 _aUniversity of Delhi. Faculty of Social Sciences. Department of History
245 0 _aKorea's cultural contact with early India
_b A study in ideas and rituals
260 _c1992
650 _aHISTORY
700 _aUniversity of Delhi. Faculty of Social Sciences. Department of History
942 _cDIS
_2CC
999 _c858082
_d858082